000 00857nam a2200229Ii 4500
003 JO-AjNU
008 230605s9999||||xx |||||||||||||| ||und||
017 _a2002/10864
020 _a977-01-7845-4
040 _aJO-AjNU
_bara
_erda
_cJO-AjNU
041 _aara
050 1 4 _aBP80.A27.A2282.2002
100 3 _aأمين،عبد السلام,
_eauthor
_910650
245 0 0 _aالصديق أبو بكر :رؤية إذاعية وحوار، ج1
264 3 1 _aالقاهرة:الهيئة المصرية العامة للكتاب ،2002
300 _aج1، 186ص
336 _atext
_btxt
_2rdacontent
337 _aunmediated
_bn
_2rdamedia
338 _avolume
_bnc
_2rdacarrier
490 0 _aسلسلة الخلفاء الراشدون
650 4 _aالصحابة والتابعون-تراجم-الخلفاء الراشدون-ابو بكر الصديق
_910651
999 _aA1915
_c5483
_d5483